ادارة الموارد البشرية الحديثة - نظريا وتطبيقيا - / (Record no. 30413)
[ view plain ]
| 000 -LEADER | |
|---|---|
| fixed length control field | 01000nam a2200253Ii 4500 |
| 003 - CONTROL NUMBER IDENTIFIER | |
| control field | JO-AjNU |
| 005 - DATE AND TIME OF LATEST TRANSACTION | |
| control field | 20250723112735.0 |
| 008 - FIXED-LENGTH DATA ELEMENTS--GENERAL INFORMATION | |
| fixed length control field | 230605s9999||||xx |||||||||||||| ||und|| |
| 017 ## - COPYRIGHT OR LEGAL DEPOSIT NUMBER | |
| Copyright or legal deposit number | 2018/7/3279 |
| 040 ## - CATALOGING SOURCE | |
| Original cataloging agency | JO-AjNU |
| Language of cataloging | ara |
| Description conventions | rda |
| Transcribing agency | JO-AjNU |
| 041 ## - LANGUAGE CODE | |
| Language code of text/sound track or separate title | ara |
| 050 14 - LIBRARY OF CONGRESS CALL NUMBER | |
| Classification number | HF5549.5.H3552 2019 |
| 100 #1 - MAIN ENTRY--PERSONAL NAME | |
| Personal name | بني حمدان، خالد محمد |
| Relator term | مؤلف |
| 9 (RLIN) | 66625 |
| 245 #0 - TITLE STATEMENT | |
| Title | ادارة الموارد البشرية الحديثة - نظريا وتطبيقيا - / |
| Statement of responsibility, etc. | تأليف خالد محمد بني حمدان، احلام ابراهيم العيثاوي |
| 260 ## - PUBLICATION, DISTRIBUTION, ETC. | |
| Place of publication, distribution, etc. | عمان : |
| Name of publisher, distributor, etc. | المؤلف، |
| Date of publication, distribution, etc. | 2019 |
| 300 ## - PHYSICAL DESCRIPTION | |
| Extent | 419صفحة |
| 336 ## - CONTENT TYPE | |
| Content type term | text |
| Content type code | txt |
| Source | rdacontent |
| 337 ## - MEDIA TYPE | |
| Media type term | unmediated |
| Media type code | n |
| Source | rdamedia |
| 338 ## - CARRIER TYPE | |
| Carrier type term | volume |
| Carrier type code | nc |
| Source | rdacarrier |
| 504 ## - BIBLIOGRAPHY, ETC. NOTE | |
| Bibliography, etc. note | يحتوي على مراجع وفهرس |
| 650 7# - SUBJECT ADDED ENTRY--TOPICAL TERM | |
| Topical term or geographic name entry element | الموارد البشرية-ادارة الافراد |
| 9 (RLIN) | 59634 |
| 700 #1 - ADDED ENTRY--PERSONAL NAME | |
| Personal name | العيثاوي، احلام ابراهيم |
| Relator term | مؤلف مشارك |
| 9 (RLIN) | 66626 |
| 942 ## - ADDED ENTRY ELEMENTS (KOHA) | |
| Source of classification or shelving scheme | Library of Congress Classification |
| Koha item type | Books |
| Withdrawn status | Lost status | Source of classification or shelving scheme | Damaged status | Not for loan | Home library | Current library | Shelving location | Date acquired | Total Checkouts | Full call number | Barcode | Date last seen | Price effective from | Koha item type |
|---|---|---|---|---|---|---|---|---|---|---|---|---|---|---|
| Library of Congress Classification | مكتبة جامعة عجلون الوطنية | مكتبة جامعة عجلون الوطنية | المجموعات العامة | 06/06/2023 | HF5549.5.H3552 2019 | A26845 | 06/06/2023 | 06/06/2023 | Books | |||||
| Library of Congress Classification | مكتبة جامعة عجلون الوطنية | مكتبة جامعة عجلون الوطنية | 23/07/2025 | HF5549.5.H3552 2019 | a30246 | 23/07/2025 | 23/07/2025 |